| 000 | 00498nam a22002057a 4500 | ||
|---|---|---|---|
| 999 |
_c6915 _d6915 |
||
| 003 | OSt | ||
| 005 | 20210510095641.0 | ||
| 008 | 210510b ||||| |||| 00| 0 eng d | ||
| 020 | _a0077107756 | ||
| 040 | _cDDC | ||
| 082 | _a330 BEG 2005 | ||
| 100 |
_aBegg, David _914183 |
||
| 245 | _aEconomics | ||
| 250 | _a8th ed. | ||
| 260 |
_aDubuque, Iowa : _b McGraw-Hill; _c 2005 |
||
| 300 |
_axxx,674p.: _bill. ; _c28 cm |
||
| 504 | _aIncludes Index. | ||
| 650 |
_aEconomics _9975 |
||
| 942 |
_2ddc _cBOOK |
||